The New English Bible: (Record no. 20026)

MARC details
000 -LEADER
fixed length control field 00905cam a22002651 4500
001 - CONTROL NUMBER
control field 750285
003 - CONTROL NUMBER IDENTIFIER
control field BDDh-ASL
005 - DATE AND TIME OF LATEST TRANSACTION
control field 20231015025833.0
008 - FIXED-LENGTH DATA ELEMENTS--GENERAL INFORMATION
fixed length control field 720107s1961 nyu 000 0 eng
010 ## - LIBRARY OF CONGRESS CONTROL NUMBER
LC control number 61016025
040 ## - CATALOGING SOURCE
Original cataloging agency DLC
Transcribing agency DLC
Modifying agency DLC
-- BDDh-ASL
041 1# - LANGUAGE CODE
Language code of text/sound track or separate title engund
050 00 - LIBRARY OF CONGRESS CALL NUMBER
Classification number BS2092.A1 1961
Item number .N49
082 00 - DEWEY DECIMAL CLASSIFICATION NUMBER
Classification number 220
Item number BIB
130 0# - MAIN ENTRY--UNIFORM TITLE
Uniform title Bible.
Name of part/section of a work New Testament.
Language of a work English.
Version New English.
Date of a work 1961.
245 14 - TITLE STATEMENT
Title The New English Bible:
Remainder of title New Testament/
260 ## - PUBLICATION, DISTRIBUTION, ETC.
Place of publication, distribution, etc. [New York]
Name of publisher, distributor, etc. Oxford University Press,
Date of publication, distribution, etc. 1961.
300 ## - PHYSICAL DESCRIPTION
Extent 432 p.
Dimensions 24 cm.
500 ## - GENERAL NOTE
General note Translated under the supervision of the Joint Committee on the New Translation of the Bible.
650 #0 - SUBJECT ADDED ENTRY--TOPICAL TERM
9 (RLIN) 2558
Topical term or geographic name entry element Bible
710 2# - ADDED ENTRY--CORPORATE NAME
Corporate name or jurisdiction name as entry element Joint Committee on the New Translation of the Bible.
710 2# - ADDED ENTRY--CORPORATE NAME
Corporate name or jurisdiction name as entry element Rouben Mamoulian Collection (Library of Congress)
Institution to which field applies DLC
906 ## - LOCAL DATA ELEMENT F, LDF (RLIN)
a 7
b cbc
c orignew
d u
e ocip
f 19
g y-gencatlg
942 ## - ADDED ENTRY ELEMENTS (KOHA)
Source of classification or shelving scheme Dewey Decimal Classification
Koha item type Books
Holdings
Withdrawn status Lost status Source of classification or shelving scheme Damaged status Not for loan Collection code Home library Current library Shelving location Date acquired Source of acquisition Total Checkouts Full call number Barcode Date last seen Copy number Price effective from Koha item type
    Dewey Decimal Classification     Non-fiction Asiatic Society Library Asiatic Society Library General Stacks 12/24/2020 ASB Collection   220 BIB 103428 12/24/2020 C-1 12/24/2020 Books
    Dewey Decimal Classification     Non-fiction Asiatic Society Library Asiatic Society Library General Stacks 12/24/2020 Donated by Prof. A. F. A. Husain   220 BIB 103429 12/24/2020 C-2 12/24/2020 Books

Powered by Koha